| 000 | 00484nam a22001937a 4500 | ||
|---|---|---|---|
| 003 | LK-CoDNM | ||
| 005 | 20250117144600.0 | ||
| 008 | 250115b |||||||| |||| 00| 0 eng d | ||
| 040 |
_aLK-CoDNM _dLK-CoDNM _eLK-CoDNM |
||
| 041 | _aeng | ||
| 080 |
_a11 _bR7 |
||
| 100 | _aferguson j. | ||
| 245 |
_aThe tropical agriculturist _b1899- 900 |
||
| 260 |
_alondon _ba.m & j ferguson |
||
| 300 | _b870p. : ill ; 27 cm | ||
| 490 | _vvol xix | ||
| 650 | _aScience | ||
| 942 | _cBK | ||
| 999 |
_c236858 _d236858 |
||